000 00313nam a22001337a 4500
008 171005b xxu||||| |||| 00| 0 eng d
020 _a9780683045321
041 _aeng
080 _a159.9
100 _a49
101 _aPSI
245 _aCOMPREHENSIVE TEXTBOOK OF PSYCHIATRY/ VI
_cKAPLAN, H.I
942 _2udc
_cBK
999 _c31937
_d31937